00695nam a2200181 a 450000100100000000500170001000800410002704000250006810000350009324501020012826000360023030000210026650000420028750400190032970000430034895201050039199900170049600003908220201002031504.0130520s1983 dr 000 0 spa d aDO-SdBNPbspacBNPHU1 aCruz, Juan José de la93767413aEl hombre su naturaleza y su libertad /cJuan José de la Cruz ; prólogo Príamo Rodríguez. aSanto Domingo :bLatina,c1983. a116 p. ;c22 cm. aIncluye notas al pie de las páginas aBibliografía1 aRodríguez, Príamo,epról.964256 0010718PDaPDbPDcCTd2013-05-20iLF1l0o p39082-10r2020-06-25w2020-06-25yLFPDZNo se presta c38572d38572